000 00537nam a2200217Ia 4500
008 160303s9999 xx 000 0 und d
020 _a971-08-6470-X
050 _aFIL BJ 1012
050 _b.M64 2004
100 _aMoga, Michael D.
245 _aToward authentic morality /
245 _cMichael D. Moga, S.J.,.
250 _aRevised Edition
260 _aMandaluyong:
260 _bNational Book Store,
260 _c1993
300 _a169 pages :
300 _billustrations ;
300 _c21 cm.
650 _aEthics.
999 _c291190
_d291190